| 000 | 00442nam a2200181Ia 4500 | ||
|---|---|---|---|
| 001 | 1020 | ||
| 005 | 20260306140601.0 | ||
| 008 | 260306t1993||||xx |||||||||||||| ||spa|| | ||
| 041 | _aESP | ||
| 082 |
_a180 _bC77 T. 5 |
||
| 100 |
_aCopleston, Frederick _eAUT |
||
| 245 | 0 |
_aHistoria de la filosofía: _bde Hobbes a Hume |
|
| 260 | _c1993 | ||
| 300 |
_a000 páginas : _c21 cm. |
||
| 650 | _aGEN | ||
| 654 | _aCHU | ||
| 942 |
_cLIB _dJUS _fJUS _2ddc _n |
||
| 999 |
_c1020 _d1020 |
||